|
|
|
|
| LEADER |
00000cam a2200000 4500 |
| 001 |
vtls011763041 |
| 003 |
SK-MaSNL |
| 005 |
20260301223110.0 |
| 008 |
200228s2017 xo frn 000 0dslo |
| 015 |
|
|
|a SNBA2018/07
|
| 020 |
|
|
|a 9788022343657
|q (brožované)
|
| 035 |
|
|
|a urn:nbn:sk:snk-am00daw4
|
| 035 |
|
|
|a urn:nbn:sk:snk-am3hvx8
|
| 035 |
|
|
|a B208C4BD-264C-4BB2-90E9-11DBF50259E6
|
| 040 |
|
|
|a SNK
|b slo
|c SNK
|e rda
|
| 041 |
0 |
|
|a slo
|a ita
|
| 044 |
|
|
|a xo
|c SK
|
| 072 |
|
7 |
|a 811.131
|x Taliansko-románske jazyky
|2 konspekt
|
| 072 |
|
7 |
|a 81
|x Lingvistika. Jazyky
|2 konspekt
|
| 080 |
|
|
|a 811.131.1
|2 2011
|
| 080 |
|
|
|a 81`38
|2 2011
|
| 080 |
|
|
|a 81'373.46
|2 2011
|
| 080 |
|
|
|a (048.8)
|2 2011
|
| 100 |
1 |
|
|a Sehnal, Roman,
|d 1970-
|4 aut
|9 102209
|
| 245 |
1 |
0 |
|a Štylistika talianskeho jazyka
|c Roman Sehnal
|
| 250 |
|
|
|a Prvé vydanie
|
| 264 |
|
1 |
|a V Bratislave
|b Vydavateľstvo Univerzity Komenského
|b Univerzita Komenského v Bratislave, Filozofická fakulta, Katedra románskych jazykov
|c 2017
|
| 300 |
|
|
|a 216 strán
|c 24 cm
|
| 336 |
|
|
|a text
|b txt
|2 rdacontent
|
| 337 |
|
|
|a bez média
|b n
|2 rdamedia
|
| 338 |
|
|
|a zväzok
|b nc
|2 rdacarrier
|
| 366 |
|
|
|e 100 kusov
|
| 500 |
|
|
|a Obsahuje biografické údaje o autorovi na zadnej obálke
|
| 504 |
|
|
|a Bibliografia na strane 210-216 ; bibliografické odkazy a poznámky
|
| 546 |
|
|
|a Čiastočný text v taliančine
|
| 650 |
0 |
7 |
|a taliančina
|2 SNKPH
|9 1518
|
| 650 |
0 |
7 |
|a štylistika
|2 SNKPH
|9 870
|
| 650 |
0 |
7 |
|a Italian language
|2 SNKPHeng
|9 329901
|
| 650 |
0 |
7 |
|a Stylistics
|2 SNKPHeng
|9 305765
|
| 650 |
0 |
7 |
|a odborná terminológia
|2 SNKPH
|9 3616
|
| 650 |
0 |
7 |
|a Terminology (professional)
|2 SNKPHeng
|9 90966
|
| 655 |
|
7 |
|a monografie
|2 SNKPH
|9 70139
|
| 655 |
|
7 |
|a Monographs
|2 SNKPHeng
|9 120675
|
| 752 |
|
|
|a Slovensko
|d Bratislava
|
| 852 |
|
|
|a Štátna vedecká knižnica v Banskej Bystrici
|
| 919 |
|
|
|a 978-80-223-4365-7
|
| 958 |
|
|
|a LX
|
| 958 |
|
|
|a BX
|
| 958 |
|
|
|a NB
|
| 999 |
|
|
|c 942113
|d 944043
|
| 952 |
|
|
|a SNK
|b SNK
|y PREZ
|7 0
|p 17A1333844
|o snkSC 180273
|i snk2018/15096
|8 0
|0 0
|1 0
|4 0
|d 2018-07-16
|f 1
|l 0
|r 2026-02-24 09:22:42
|w 2026-02-24
|
| 952 |
|
|
|a SNK
|b SNK
|y VYP
|7 0
|p 17A1333845
|o snkSC 180273 D1
|i snk2018/15097
|8 0
|0 0
|1 0
|4 0
|d 2018-07-16
|l 0
|r 2026-02-24 09:22:42
|w 2026-02-24
|